| 000 | 00436cam a2200181ua 4500 | ||
|---|---|---|---|
| 001 | 3762 | ||
| 008 | 131204n1973 II |||gr||||Z||||||asm | ||
| 040 | _aMAIN | ||
| 041 | _aEnglish | ||
| 082 | _a910 SHA | ||
| 100 | _aSHARMA, H.N. | ||
| 245 | _aBHUGAL - BIGYAN (PART-5) | ||
| 250 | _a1ST. | ||
| 260 |
_aGUWAHATI _bGAUHATI UNIVERSITY COORDINATION COMMITTEE _c1973 |
||
| 300 |
_a80: _c21CM. |
||
| 653 | _aGeography & travel | ||
| 942 | _cBK | ||
| 999 |
_c3749 _d3749 |
||